The Kipsigis : a case study in changing customary law /

Bibliographic Details
Main Author: Saltman, Michael
Format: Book
Language:English
Published: Cambridge, Mass. : Schenkman Pub. Co., [1977]
Subjects:

MARC

Tag First Indicator Second Indicator Subfields
LEADER 00000pam a2200000 i 4500
001 in00000063484
005 20151007083119.0
008 760916s1977 maub b 00110 eng
010 |a  76044195  
020 |a 0870735608 
035 |a (OCoLC)02493380 
035 |9 AAF8877AM 
040 |a DLC  |c DLC  |d TXA  |d UtOrBLW 
043 |a f-ke--- 
049 |a TXAM  |c [981008] 
090 |a KQ9000.K57  |b A1 1977 
099 |a KRK  |a S24 
100 1 |a Saltman, Michael. 
245 1 4 |a The Kipsigis :  |b a case study in changing customary law /  |c by Michael Saltman. 
264 1 |a Cambridge, Mass. :  |b Schenkman Pub. Co.,  |c [1977] 
264 4 |c ©1977 
300 |a 123 pages :  |b maps ;  |c 24 cm. 
336 |a text  |b txt  |2 rdacontent 
337 |a unmediated  |b n  |2 rdamedia 
338 |a volume  |b nc  |2 rdacarrier 
500 |a Includes index. 
504 |a Bibliography: pages 115-118. 
650 0 |a Law, Kipsigis. 
650 0 |a Law  |z Kenya. 
650 0 |a Land tenure (Kipsigis law)  |z Kenya. 
999 |a MARS 
999 f f |s 867e47c2-45f7-378f-9095-24df2e428a45  |i 4ce474ba-67e4-3569-bf2d-46b30f649512  |t 0 
952 f f |p ric  |a Texas A&M University  |b Rellis Campus  |c Joint Library Facility  |d Remote Storage  |t 0  |e KQ9000.K57 A1 1977  |h Library of Congress classification  |i unmediated -- volume  |m A14801559601 
998 f f |a KQ9000.K57 A1 1977  |t 0  |l Remote Storage